000 00452nam a22001697a 4500
003 OSt
008 250227b |||||||| |||| 00| 0 eng d
020 _a97893481410128
100 _aANKITA
245 _aIntegrative Computing: Bridging Disciplines and Technologies
260 _aNew Delhi
_bNaples Indian
_c2024.
300 _a433p.
650 _aFaculty Publication
700 _aFayaz Ahmad Khan
700 _aMamta Goyal
942 _2ddc
_cBK
999 _c13158
_d13158